Responses for show #3 - Wednesday, September 12, 1984

Third episode.

Contestants

Michael Ellington, Jr., a police officer from Los Angeles, California

Nancy Teri, a stockbroker originally from Wanatah, Indiana

Gunther Murley, a construction manager from Palos Verdes, California

Jeopardy! Round responses

U.S. HISTORY
3-LETTER WORDS
AUTOMOBILES
BROADWAY
ANIMALS
ROYALTY
    $100 6
Benjamin Franklin

Gunther
    $100 19
a hat

Nancy
    $100 1
Henry Ford

Gunther
    $100 8
Cats

Michael
    $100 10
dogs

Nancy
    $100 14
Princess Grace

Nancy
    $200 7
black (or negro)

Nancy
    $200 20
(Alex: And we have about a minute left in the category--go ahead, let's see it.)

a Don

Nancy
    $200 2
(Michael: What is Mego?)
...
(Alex: Since 1968, they've built a half-billion more cars than all those three major companies together.)

Mattel

Michael
Triple Stumper
    $200 9
42nd Street

Gunther
    $200 24
the beaver

Michael
    $200 15
Louis XIV (of France)

Nancy
    $300 21
ebb

Nancy
    $300 3
steam

Gunther
    $300 11
the Tony

Nancy
    $300 25
whales

Gunther
    $300 16
(Nancy: Who is Khomeini?)
(Gunther: Who is Nasser?)
(Alex: Michael, do you want to take a chance?)
(Michael: Uh, no. No, no...)
[laughter]
(Alex: I guess that's why he's a policeman. The correct question is [*].)

Shah of Iran

GuntherNancy
Triple Stumper
    $400 22
bud

Michael
    $400 4
(Alex: That's one of the good things about Jeopardy!: We're educational as well as entertaining. [Laughter])

rush hour

Gunther
    $400 12
(Alex: You're on a roll.)
(Nancy: Oh, I know, and I'm going to keep on it with BROADWAY for $500.)

Elizabeth Taylor

Nancy
    $400 17
(Alex: A lot of her children married into those royal families.)
(Nancy: We're on a kind of negative roll, so I'm going to stick with it, with ROYALTY for $500.)
(Alex: All right, I hope it works a little differently for you.)

Queen Victoria (of England)

Triple Stumper
    $500 23
(Alex: What is a [*]? Quick [*]; half-[*].)
(Michael: No-[*].)
(Alex: You didn't like the joke, either.)

wit

Triple Stumper
    $400 5
Spain

Gunther
    $500 13
A Chorus Line

Nancy
    $500 26
(Nancy: What is musk?)
[The end-of-round signal sounds.]

a yak

Nancy
Triple Stumper
    $500 18
the Netherlands (Holland)

Nancy

Scores at the first commercial break (after clue 6):

Gunther Nancy Michael
$1,300 $0 -$200

Scores at the end of the Jeopardy! Round:

Gunther Nancy Michael
$1,500 $2,100 $500

Double Jeopardy! Round responses

NEW TESTAMENT
COLLEGES
MOUNTAINS
WORLD OF FOOD
BASEBALL
ASTRONOMY
    $200 6
wine

Nancy
    $200 11
Oxford

Gunther
    $200 1
the fortune cookie

Gunther
    $200 19
umpires

Michael
    $200 2
a star

Michael
    $400 7
as thyself

Nancy
    $400 12
(Gunther: What is Ohio ... [*]?)

Ohio State University

Gunther
    $400 15
tea

Gunther
    $400 3
Venus

Gunther
    $600 8
the Sea of Galilee

Michael
    $600 13
campus

Nancy
    $600 20
Mount St. Helens

Nancy
    $1,000 16
(Gunther: What is a fish?)
[Audience groans]
(Alex: [Sings] I've got a lovely bunch of fish. [Laughter] Somehow, it doesn't work.)

coconuts

Gunther
    $600 4
Saturn

Michael
    $800 9
(Michael: Watch me blow this. ... Who is Lazarus?)

Paul (Saul)

Michael
Triple Stumper
    $800 23
(University of) Michigan

Gunther
    $800 21
(Michael: What is Tibet ... the Tibetan mountains?)
...
(Alex: [*], yes. We're talking about South America.)

the Andes

GuntherMichael
    $800 17
vinegar

Gunther
    $800 5
(Michael: What is Voyager?)

Sputnik

NancyMichael
    $1,500 14
(Nancy: What is blessed are the meek?)
(Alex: That is a common error. It is [*].)

the peacemakers

Nancy
    $1000 24
(Michael: What is Vassar?)
(Alex: That is wrong, I'm sorry.)
(Michael: Me too.)
[Laughter]
[The end-of-round signal sounds.]

Radcliffe

Michael
Triple Stumper
    $1000 22
Mount Everest

Nancy
    $1000 18
(Alex: We've got one minute, approximately, left in Double Jeopardy!)

asparagus

Triple Stumper
    $1000 10
Mars

Gunther

Scores at the end of the Double Jeopardy! Round:

Gunther Nancy Michael
$5,500 $4,200 -$1,300

[wagering suggestions for these scores]

Final Jeopardy! Round responses

LANGUAGE
NancyWhat is English
$4,190
GuntherWhat is Hindu
$3,000
English

Final scores:

Gunther Nancy Michael
$2,500 $8,390 -$1,300
2nd place: Pinseeker golf clubs and Vitamaster exercise bikes New champion: $8,390 3rd place: a Teletec System, Inc, telephone

Game dynamics:

Coryat scores:

Gunther Nancy Michael
$6,600 $5,700 -$1,300
16 R
(including 1 DD),
2 W
(including 1 DD)
17 R,
3 W
(including 1 DD)
7 R,
5 W

Combined Coryat: $11,000

The J! Archive is created by fans, for fans. The Jeopardy! game show and all elements thereof, including but not limited to copyright and trademark thereto, are the property of Jeopardy Productions, Inc. and are protected under law. This website is not affiliated with, sponsored by, or operated by Jeopardy Productions, Inc. Join the discussion at JBoard.tv.